LEADER 00838nam a2200205 i 4500 001 000000227895 003 CaOOAMICUS 005 20140311000000.0 008 140311s1966 it u000 u ger u 013 $a206797 040 $aSeMil$bita 100 1 $aNoth, Martin,$d<1902-1968>.$0(OLS)http://semarc/name/52 245 14$aDas system der zwölf stämme Israels /$cMartin Noth. 260 $aDarmstadt :$bWissenschaftliche Buchgesellschaft,$c1966. 300 $a174 p. ;$c23 cm. 650 4$aTribù - Israele.$0(OLS)http://semarc/subject/12135 850 $aSeMil 852 $aSeMil$W1$xVenegono$y1$m2Y II 210$j178241$B178241$CSeMilBibl$Z2$F189027 $81 996 $6245$aDas system der zwölf stämme Israels$9(OLS)http://semarc/title/326160 996 $6260$aDarmstadt :$bWissenschaftliche Buchgesellschaft$9(OLS)http://semarc/publisher/32002 LEADER 00984nam a2200205 i 4500 001 000000180167 003 CaOOAMICUS 005 20090627000000.0 008 090627s1971 it u000 u fre u 013 $a157812 040 $aSeMil$bita 245 14$aLes livres de lectures de l'office, les livres de l'office du chapitre, les livres d'heures. 300 $aXXIII, 213 p. 490 0 $aStudi e testi ;$v267 700 1 $aSalmon, Pierre,$c.$0(OLS)http://semarc/name/90075 773 0 $aSalmon, Pierre $tManuscrits liturgiques latins de la Bibliothèque Vaticane.$dCittà del Vaticano : Biblioteca Apostolica Vaticana, 1968-1972.$g4$w()21578 830 0$aStudi e testi ;$v267.$0(OLS)http://semarc/title/153 850 $aSeMil 852 $aSeMil$W1$xVenegono$y1$m3C V 124$j130919$B130919$CSeMilBibl$Z2$F142664 $81 996 $6245$aLes livres de lectures de l'office, les livres de l'office du chapitre, les livres d'heures$9(OLS)http://semarc/title/258709